• 首页
  • 本馆介绍
  • 公告通知
  • 最新文献
  • 馆藏检索
  • 电子资源
  • 读者导购
  • 参考咨询
  • 我的图书馆
  • 登录
  • 详细信息显示
  • 放入我的书架
  • 预约/预借图书
  • 作者相关作品
  • 分类相关作品
  • 丛书相关作品
  • 出版社相关作品

书目信息

  • 表格格式
  • 工作单格式
  • 卡片格式
题名:
从今天开始改善寒凉体质
    
 
作者: 进藤幸惠 著 ;韩莲 译
分册:  
出版信息: 北京   电子工业出版社  2017
页数: 139页
开本: 21cm
丛书名:
单 册:
中图分类: R243
科图分类:
主题词: 祛寒
电子资源:
ISBN: 978-7-121-30333-3
000 00791nam0 2200229 450
001 417695
005 20180527225315.39
010    @a978-7-121-30333-3@dCNY39.80
100    @a20170427d2017 em y0chiy50 ea
101 1  @achi@cjpn
102    @aCN@b110000
105    @aa z 000yy
200 1  @a从今天开始改善寒凉体质@9cong jin tian kai shi gai shan han liang ti zhi@f(日)进藤幸惠著@g韩莲译
210    @a北京@c电子工业出版社@d2017
215    @a139页@c彩图@d21cm
330    @a本书详细说明了为什么要消除寒性体质,以及如何消除寒性体质的方法,更加贴心地从饮食与穿着等方面,进一步介绍消除寒性体质的实用内容。
606 0  @a祛寒
690    @aR243@v5
701  0 @c(日)@a进藤幸惠@9jin teng xing hui@4著
702  0 @a韩莲@9han lian@4译
801  0 @aCN@b91MARC@c20170427
905    @aMuseLib@dR243@e415
    
    从今天开始改善寒凉体质/(日)进藤幸惠著/韩莲译.-北京:电子工业出版社,2017
    139页:彩图;21cm
    
    
    ISBN 978-7-121-30333-3:CNY39.80
    本书详细说明了为什么要消除寒性体质,以及如何消除寒性体质的方法,更加贴心地从饮食与穿着等方面,进一步介绍消除寒性体质的实用内容。
●
相关链接 在E读中查询图书 在五车中查询图书 在当当中查询图书 在豆瓣中查询图书


正题名:从今天开始改善寒凉体质     索取号:R243/415         预约/预借

序号 登录号 条形码 馆藏地/架位号 状态 备注
1 1112463   211124638   第二样本阅览室/ [索取号:R243/415] 在馆    
2 1112464   211124647   教育系资料室/ [索取号:R243/415] 在馆    
3 1112465   211124656   教育系资料室/ [索取号:R243/415] 在馆    
4 1112466   211124665   第三借阅区/ [索取号:R243/415] 在馆    
唐山师范学院图书馆 欢迎您!
大连网信软件有限公司© 版权所有